All Fortnite Weapons and Items Ever - Statistics

General Stats
  • This quiz has been taken 84 times
  • The average score is 16 of 136
Answer Stats
Items % Correct
Assault Rifle
70%
Pump Shotgun
54%
Burst Assault Rifle
51%
Pistol
46%
Tactical Shotgun
41%
Chug Jug
38%
Grenade
38%
Rocket Launcher
38%
Bandages
35%
Submachine Gun
35%
Tactical Assault Rifle
35%
Heavy Assault Rifle
32%
Medkit
32%
Suppressed Pistol
30%
Drum Gun
27%
Heavy Sniper Rifle
27%
Scoped Assault Rifle
27%
Shockwave Grenade
27%
Suppressed Assault Rifle
27%
Bolt-Action Sniper Rifle
24%
Hand Cannon
24%
Heavy Shotgun
24%
Impulse Grenade
24%
Minigun
24%
Combat Shotgun
22%
Grenade Launcher
22%
Hunting Rifle
22%
Mini Shield Potion
22%
Revolver
22%
Shield Potion
22%
Slurp Juice
22%
Suppressed Submachine Gun
22%
Boom Bow
19%
Double Barrel Shotgun
19%
Drum Shotgun
19%
Tactical Submachine Gun
19%
Chug Splash
16%
Port-a-Fort
16%
Port-a-Fortress
16%
Bandage Bazooka
14%
Charge Shotgun
14%
Flint-Knock Pistol
14%
Grappler
14%
Launch Pad
14%
Light Machine Gun
14%
Thermal Scoped Assault Rifle
14%
Balloons
11%
Boogie Bomb
11%
Bush
11%
Crossbow
11%
Dragon's Breath Shotgun
11%
Junk Rift
11%
Rift-To-Go
11%
Stink Bomb
11%
Storm Flip
11%
Suppressed Sniper Rifle
11%
Bouncer
8%
Chiller
8%
Dual Pistols
8%
Primal Shotgun
8%
Remote Explosive
8%
Scoped Revolver
8%
Shield Bubble
8%
Smoke Grenade
8%
Air Strike
5%
Boom Box
5%
Burst SMG
5%
Chiller Grenade
5%
Clingers
5%
Compact SMG
5%
Cozy Campfire
5%
Damage Trap
5%
Dynamite
5%
Flare Gun
5%
Guided Missile
5%
Lever Action Shotgun
5%
Mechanical Bow
5%
Primal Pistol
5%
Primal Rifle
5%
Primal SMG
5%
Pulse Rifle
5%
Quad Launcher
5%
Six Shooter
5%
Storm Scout Sniper Rifle
5%
Automatic Sniper Rifle
3%
Bottle Rockets
3%
Ceiling Zapper
3%
Creepin’ Cardboard
3%
Directional Jump Pad
3%
Fishing Rod
3%
Grappler Bow
3%
Harpoon Gun
3%
Infantry Rifle
3%
Lever Action Rifle
3%
Machine Pistol
3%
Makeshift Revolver
3%
Makeshift Rifle
3%
Makeshift Shotgun
3%
Mechanical Shockwave Bow
3%
Mounted Turret
3%
Poison Dart Trap
3%
Primal Bow
3%
Proximity Grenade Launcher
3%
Proximity Mine
3%
Rail Gun
3%
Rapid Fire SMG
3%
Semi-Automatic Sniper Rifle
3%
Sneaky Snowman
3%
Wall Dynamo
3%
Zapotron
3%
Zapper Trap
3%
Alien Knockgun Launcher
0%
Alien Nanites
0%
Crash Pad
0%
Decoy Grenade
0%
Firefly Jar
0%
Fire Trap
0%
Gas Can
0%
Gliders
0%
Hunter's Cloak
0%
Inflate-a-Bull
0%
Jetpack
0%
Kymera Ray Gun
0%
Lump of Coal
0%
Makeshift Bow
0%
Makeshift Submachine Gun
0%
Primal Flame Bow
0%
Primal Stink Bow
0%
Pro Fishing Rod
0%
Recon Scanner
0%
Recycler
0%
Rusty Can
0%
Shadow Bomb
0%
Unstable Bow
0%
Upgrade Bench
0%
Witch Broom
0%
No matching quizzes found
Score Distribution
Percent of People with Each Score
Percentile by Number Answered
Your Score History
You have not taken this quiz